Central Library OPAC University of Rajshahi

The spirit of Chinese philosophy. / (Record no. 16360)

MARC details
000 -LEADER
fixed length control field 00725nam a22002412a 4500
001 - CONTROL NUMBER
control field 16360
003 - CONTROL NUMBER IDENTIFIER
rucl marc code BD-RjUL
005 - DATE AND TIME OF LATEST TRANSACTION
control field 20211209000011.0
008 - FIXED-LENGTH DATA ELEMENTS--GENERAL INFORMATION
fixed length control field 140213s1947 enk 001 0 eng d
035 ## - SYSTEM CONTROL NUMBER
System control number (BD-RjUL)16415
040 ## - CATALOGING SOURCE
Original cataloging agency DLC
Transcribing agency WEL
Modifying agency OCL
-- EQO
-- BD-RjUL
Language of cataloging eng
041 1# - LANGUAGE CODE
Language code of text/sound track or separate title engchi
082 00 - DEWEY DECIMAL CLASSIFICATION NUMBER
Classification number 181.11
Author mark and year YUS 1947
100 1# - MAIN ENTRY--PERSONAL NAME
Personal name Yulan, Fung
Dates associated with a name 1895-1990
9 (RLIN) 50577
245 14 - TITLE STATEMENT
Title The spirit of Chinese philosophy. /
Statement of responsibility, etc. by Fung Yulan
260 ## - PUBLICATION, DISTRIBUTION, ETC. (IMPRINT)
Place of publication, distribution, etc. London :
Name of publisher, distributor, etc. K. Paul, Trench, Trübner,
Date of publication, distribution, etc. 1947
300 ## - PHYSICAL DESCRIPTION
Pagination xiv, 224 p. ;
Size 23 cm
504 ## - BIBLIOGRAPHY, ETC. NOTE
Bibliography, etc Include index
650 #0 - SUBJECT ADDED ENTRY--TOPICAL TERM
Topical term or geographic name as entry element Philosophy, Chinese
Geographic subdivision Chinese
9 (RLIN) 50578
700 1# - ADDED ENTRY--PERSONAL NAME
Personal name Hughes, E. R.
Fuller form of name (Ernest Richard),
Dates associated with a name 1883-1956.
942 ## - ADDED ENTRY ELEMENTS (KOHA)
Source of classification or shelving scheme Dewey Decimal Classification
Koha item type Books
Holdings
Lost status Source of classification or shelving scheme Damaged status Not for loan Collection code Permanent Location Current Location Shelving location Date acquired Source of acquisition Cost, normal purchase price Total Checkouts Full call number Date last seen Date checked out Copy number Koha item type
  Dewey Decimal Classification     Non-fiction Central Library, University of Rajshahi Central Library, University of Rajshahi   12/04/1955 Allies book 10.00 1 181.11 YUS 1947 02/09/2025 25/08/2025 C-2 Books
  Dewey Decimal Classification   Not For Loan Non-fiction Central Library, University of Rajshahi Central Library, University of Rajshahi Reading Room 02/02/1956 ABC 13.00   181.11 YUS 1947 12/04/2014   C-1 Books